Scum : manifesto per l'eliminazione dei maschi /

সংরক্ষণ করুন:
গ্রন্থ-পঞ্জীর বিবরন
প্রধান লেখক: Solanas, Valerie (লেখক)
অন্যান্য লেখক: Apa, Adriana
বিন্যাস: গ্রন্থ
ভাষা:ইতালিয়
প্রকাশিত: Milano : SE, 1988
মালা:Piccola enciclopedia ; 53
ট্যাগগুলো: ট্যাগ যুক্ত করুন
কোনো ট্যাগ নেই, প্রথমজন হিসাবে ট্যাগ করুন!

MARC

LEADER 00000nam a2200000 i 4500
001 IT\ICCU\RAV\0154268
003 ItRI
005 20260115231927.0
008 910813s1988 it |||||| ||||| |||||c
020 |a 8877100958 
020 |a 9788867238408 (Rist. 2022) 
040 |b ita  |c importazione bologna sebina 
041 7 |a ita  |2 ISO-639-2 
082 |a 818.54  |9 Miscellanea americana. 1945-  |2 20 
100 1 |a Solanas, Valerie  |0 IT\ICCU\RAVV\062656  |4 aut 
240 1 0 |a SCUM manifesto.  |3 IT\ICCU\RAV\0154270  |9 Solanas, Valerie 
245 1 0 |a Scum :  |b manifesto per l'eliminazione dei maschi /  |c Valerie Solanas S.C.U.M. ; traduzione di Adriana Apa. 
246 1 3 |a Society for cutting up men. -  |9 IT\ICCU\RAV\0154269 
260 |a Milano :  |b SE,  |c 1988 
300 |a 68 p. ;  |c 20 cm 
500 |a Tit. sviluppato.  |0 IT\ICCU\RAV\0154269 
700 1 |a Apa, Adriana  |0 IT\ICCU\RAVV\046867 
830 0 |a Piccola enciclopedia ;  |v 53  |0 IT\ICCU\CFI\0013229 
942 |2 ddc  |c BK  |n 0 
952 |0 0  |1 0  |4 0  |6 L_305_320000000000000_SOL  |7 0  |9 16773  |a BO  |b BO  |d 2026-01-15  |i 1533  |l 0  |o L 305.32 SOL  |p BO1533  |r 2026-01-15 23:19:27  |w 2026-01-15  |x [Sebina 5] [1 v.]  |y BK  |z 1 v. 
999 |c 14337  |d 14337